[Event "DEM U12 2005"]
[Site "Willingen GER"]
[Date "2005.05.15"]
[Round "2"]
[White "Graf, Felix"]
[Black "Bräuer, Franz"]
[Result "1-0"]
[Termination "normal"]
[Board "1"]
[WhiteElo "2152"]
[BlackElo "1546"]
[PlyCount "63"]
[WhiteFideId "24608904"]
[BlackFideId "24634468"]
[EventCountry "GER"]
[EventRounds "11"]
[EventType "swiss"]
[EventDate "2005.05.15"]

1. d4 d5 2. c4 c6 3. Nc3 Nf6 4. e3 e6 5. Bd2 Be7 6. f3 O-O 7. cxd5 exd5 8. Bd3
Re8 9. Nge2 Nbd7 10. Qc2 c5 11. O-O a6 12. Nf4 Nb6 13. g4 c4 14. Be2 Bd6 15.
Ng2 Qc7 16. b3 Qc6 17. f4 Ne4 18. Nxe4 Rxe4 19. Bf3 Re7 20. Rae1 f6 21. e4 Be6
22. e5 fxe5 23. fxe5 Bc7 24. Nf4 Rf7 25. Nxe6 Qxe6 26. Bb4 h6 27. Qg2 Rd8 28.
Bd1 Rdd7 29. Bc2 g6 30. Bd2 Kg7 31. g5 h5 32. Rf6 1-0

[Event "DEM U12 2005"]
[Site "Willingen GER"]
[Date "2005.05.15"]
[Round "2"]
[White "Kaphle, Stephan"]
[Black "Kusmierek, Kasper"]
[Result "1-0"]
[Termination "normal"]
[Board "2"]
[WhiteElo "1954"]
[BlackElo "1543"]
[PlyCount "41"]
[WhiteFideId "24629103"]
[EventCountry "GER"]
[EventRounds "11"]
[EventType "swiss"]
[EventDate "2005.05.15"]

1. e4 e6 2. d4 d5 3. e5 c5 4. c3 Qb6 5. Nf3 Nc6 6. a3 Nh6 7. b4 cxb4 8. cxb4
Nf5 9. Be3 Be7 10. Nc3 a6 11. Bd3 Bd7 12. Bxf5 exf5 13. Nxd5 Qd8 14. Nc3 f6 15.
O-O Qc7 16. Nd5 Qd8 17. Nf4 g5 18. Nxg5 fxg5 19. e6 gxf4 20. Qh5+ Kf8 21. Qf7#
1-0

[Event "DEM U12 2005"]
[Site "Willingen GER"]
[Date "2005.05.15"]
[Round "2"]
[White "Zelbel, Patrick"]
[Black "Tantzen, Cedric"]
[Result "1-0"]
[Termination "normal"]
[Board "3"]
[WhiteElo "1927"]
[BlackElo "1538"]
[PlyCount "65"]
[WhiteFideId "24624322"]
[BlackFideId "24640018"]
[EventCountry "GER"]
[EventRounds "11"]
[EventType "swiss"]
[EventDate "2005.05.15"]

1. e4 e5 2. Nf3 Nc6 3. Bb5 a6 4. Ba4 Nf6 5. O-O d6 6. c3 Nxe4 7. d4 b5 8. Bb3
Be7 9. Bd5 Bd7 10. Bxe4 Bf6 11. dxe5 Bxe5 12. Nxe5 dxe5 13. Bxc6 Bxc6 14. Qxd8+
Rxd8 15. Be3 O-O 16. Na3 Rd7 17. Rad1 Rfd8 18. Rxd7 Rxd7 19. f3 h6 20. Kf2 f6
21. Ke2 e4 22. f4 Rd3 23. Rd1 Bd5 24. Rxd3 exd3+ 25. Kxd3 Bxg2 26. Kd4 Kf7 27.
c4 Bc6 28. cxb5 axb5 29. Kc5 Bd7 30. Nxb5 c6 31. Nd4 g5 32. Nxc6 Bxc6 33. Kxc6
1-0

[Event "DEM U12 2005"]
[Site "Willingen GER"]
[Date "2005.05.15"]
[Round "2"]
[White "Blübaum, Johanna"]
[Black "Grimm, Pascal"]
[Result "0-1"]
[Termination "normal"]
[Board "4"]
[WhiteElo "1542"]
[BlackElo "1838"]
[PlyCount "94"]
[WhiteFideId "24647373"]
[BlackFideId "24620122"]
[EventCountry "GER"]
[EventRounds "11"]
[EventType "swiss"]
[EventDate "2005.05.15"]

1. d4 g6 2. c4 Bg7 3. e4 d6 4. Nc3 Nd7 5. Nf3 e5 6. Be3 Ne7 7. d5 O-O 8. Be2 f5
9. Ng5 Nf6 10. f3 h6 11. Nh3 Kh7 12. Nf2 f4 13. Bd2 Bd7 14. b4 g5 15. c5 Ng6
16. cxd6 cxd6 17. Nb5 Qe7 18. Rc1 a6 19. Nc3 h5 20. Na4 Bxa4 21. Qxa4 g4 22.
Qa5 Rac8 23. O-O gxf3 24. Bxf3 Nh4 25. Be2 Bh6 26. Bf3 Qg7 27. Nd3 Nxf3+ 28.
Rxf3 Nxe4 29. Rxc8 Rxc8 30. Be1 Rg8 31. g3 fxg3 32. hxg3 h4 33. Qa4 Nxg3 34.
Bxg3 hxg3 35. Qc2 Kh8 36. Ne1 Qg4 37. Qc3 Qe4 38. a3 Qxd5 39. Rxg3 Rxg3+ 40.
Qxg3 Qg8 41. Qxg8+ Kxg8 42. Nf3 Kf7 43. Kf2 b5 44. Ne1 Ke6 45. Nc2 d5 46. Ke2
d4 47. Ne1 e4 0-1

[Event "DEM U12 2005"]
[Site "Willingen GER"]
[Date "2005.05.15"]
[Round "2"]
[White "Friedrich, Wiede"]
[Black "Dünzel, Jonas"]
[Result "1-0"]
[Termination "normal"]
[Board "5"]
[WhiteElo "1739"]
[BlackElo "1516"]
[PlyCount "77"]
[WhiteFideId "24629537"]
[BlackFideId "24631167"]
[EventCountry "GER"]
[EventRounds "11"]
[EventType "swiss"]
[EventDate "2005.05.15"]

1. e4 c5 2. Nf3 e6 3. d4 cxd4 4. Nxd4 a6 5. Be3 Nf6 6. Nc3 d6 7. Be2 b5 8. Bf3
b4 9. Na4 Bb7 10. Bg5 e5 11. Nf5 Bc6 12. Bxf6 gxf6 13. c4 a5 14. O-O Na6 15.
Rc1 Rb8 16. b3 Qd7 17. Nb2 Nc5 18. Bg4 Qc7 19. f3 h5 20. Bh3 Ne6 21. Rc2 Nf4
22. Rd2 Rd8 23. Qe1 Nxh3+ 24. gxh3 Rg8+ 25. Kh1 Bd7 26. Ne3 Be7 27. Nd5 Qb8 28.
Qh4 Rg5 29. Rg1 Be6 30. Rxg5 fxg5 31. Qxh5 Bxd5 32. Rxd5 Bf6 33. Qg4 Ke7 34.
Qg1 Qc7 35. Na4 Rc8 36. Nb6 Rb8 37. Rb5 Qd8 38. Nd5+ Ke6 39. Qg4# 1-0

[Event "DEM U12 2005"]
[Site "Willingen GER"]
[Date "2005.05.15"]
[Round "2"]
[White "Sancar, Kenan"]
[Black "Wang, Zhangxian"]
[Result "0-1"]
[Termination "normal"]
[Board "6"]
[WhiteElo "1517"]
[BlackElo "1734"]
[PlyCount "106"]
[WhiteFideId "24647543"]
[EventCountry "GER"]
[EventRounds "11"]
[EventType "swiss"]
[EventDate "2005.05.15"]

1. e4 c6 2. d4 d5 3. exd5 cxd5 4. Bd3 Nc6 5. c3 g6 6. Nf3 Bg7 7. Bf4 Nf6 8.
Nbd2 O-O 9. O-O Nh5 10. Bg3 Nxg3 11. hxg3 Bg4 12. Qb3 Qd7 13. Rfe1 Rfc8 14. Re3
Rc7 15. Rae1 Rac8 16. Bb5 Qd8 17. Qa3 Bf8 18. Bxc6 bxc6 19. Ne5 Bf5 20. Nb3 f6
21. Nd3 Bxd3 22. Rxd3 e5 23. Nc5 e4 24. Rde3 f5 25. Qa5 Bxc5 26. Qxc5 Qe7 27.
Qxe7 Rxe7 28. b3 Kf7 29. f3 Ke6 30. g4 f4 31. R3e2 e3 32. g3 g5 33. gxf4 gxf4
34. Kg2 Rg8 35. Rh1 Rgg7 36. Rh6+ Rg6 37. Rh5 Reg7 38. Re5+ Kf7 39. c4 Rd6 40.
Rc2 Rgg6 41. cxd5 Rxd5 42. Rxd5 cxd5 43. Rc7+ Kg8 44. Rc8+ Kg7 45. Rc7+ Kh8 46.
Rxa7 Rc6 47. Re7 Rc2+ 48. Kg1 Rxa2 49. b4 Rb2 50. Re5 Rxb4 51. Rxd5 Rb1+ 52.
Kg2 e2 53. Rd8+ Kg7 0-1

[Event "DEM U12 2005"]
[Site "Willingen GER"]
[Date "2005.05.15"]
[Round "2"]
[White "Ohnmacht, Simon"]
[Black "Schmitt, Philipp"]
[Result "1-0"]
[Termination "normal"]
[Board "7"]
[WhiteElo "1516"]
[BlackElo "1705"]
[PlyCount "103"]
[WhiteFideId "24672980"]
[BlackFideId "24641766"]
[EventCountry "GER"]
[EventRounds "11"]
[EventType "swiss"]
[EventDate "2005.05.15"]

1. c4 e6 2. Nc3 d5 3. e3 Nf6 4. d4 Be7 5. Nf3 O-O 6. cxd5 exd5 7. Bd3 c6 8. Qc2
h6 9. O-O Be6 10. Bd2 Nbd7 11. Rac1 Re8 12. a3 Bd6 13. Rfe1 Bg4 14. Nh4 Ne4 15.
g3 Ng5 16. Be2 Bh3 17. Bf1 Qf6 18. f4 Bxf4 19. gxf4 Bxf1 20. Kxf1 Ne6 21. Ng2
g5 22. Ne2 c5 23. Ng3 gxf4 24. Nh5 Qg5 25. Nhxf4 cxd4 26. Nxe6 Rxe6 27. exd4
Qf6+ 28. Kg1 Qxd4+ 29. Kh1 Rc6 30. Bc3 Qg4 31. Rg1 Qe4 32. Qxe4 dxe4 33. Nf4+
Kf8 34. Bb4+ Ke8 35. Rg8+ Nf8 36. Rxc6 Kd7 37. Rxh6 Rc8 38. Rd6+ Kc7 39. Rxf8
Rxf8 40. Rc6+ Kxc6 41. Bxf8 f5 42. h4 b5 43. h5 b4 44. Bxb4 e3 45. h6 e2 46. h7
a5 47. Be1 a4 48. h8=Q Kb5 49. Qc8 Kb6 50. Bf2+ Ka5 51. Qc5+ Ka6 52. Qb6# 1-0

[Event "DEM U12 2005"]
[Site "Willingen GER"]
[Date "2005.05.15"]
[Round "2"]
[White "Zimmermann, Gordon"]
[Black "Aslan, Benjamin"]
[Result "1/2-1/2"]
[Termination "normal"]
[Board "8"]
[WhiteElo "1686"]
[BlackElo "1507"]
[PlyCount "125"]
[WhiteFideId "24624330"]
[BlackFideId "24640298"]
[EventCountry "GER"]
[EventRounds "11"]
[EventType "swiss"]
[EventDate "2005.05.15"]

1. e4 d6 2. d4 Nf6 3. Nc3 g6 4. f4 Bg7 5. Nf3 c5 6. dxc5 Qa5 7. Bd3 Qxc5 8. Qe2
Nc6 9. Be3 Qb4 10. Rb1 Nxe4 11. Bxe4 Bxc3+ 12. Kf2 Qxe4 13. bxc3 b6 14. Ng5 Qa4
15. h4 h5 16. Rhe1 Bf5 17. Rbc1 Qxa2 18. Bd4 O-O 19. Qf3 Rac8 20. Be3 Qc4 21.
Bd2 d5 22. Qe3 Rfe8 23. Nf3 Qe4 24. Qxe4 Bxe4 25. Ng5 f5 26. Be3 e5 27. fxe5
Nxe5 28. Bd4 Nc4 29. Re2 Nd6 30. Rb1 f4 31. Nh3 Rf8 32. Be5 f3 33. Bxd6 fxe2+
34. Bxf8 Rxf8+ 35. Kxe2 Bxg2 36. Nf2 Be4 37. Rb2 Rc8 38. Nxe4 dxe4 39. Rb3 Kf7
40. Ke3 Ke6 41. Kd4 Kf5 42. Rb5+ Rc5 43. Rb1 e3 44. Kxe3 Rxc3+ 45. Kd2 Ra3 46.
Rb4 Rg3 47. Ra4 a5 48. Rd4 Rg4 49. Rd5+ Ke6 50. Rb5 Rxh4 51. Rxb6+ Kf5 52. Rb5+
Kf4 53. Rxa5 g5 54. c4 Rh3 55. c5 Rb3 56. c6 Rb8 57. Ke2 h4 58. c7 Rc8 59. Rc5
g4 60. Kf2 Ke4 61. Rc4+ Kf5 62. Rc5+ Ke6 63. Rc4 1/2-1/2

[Event "DEM U12 2005"]
[Site "Willingen GER"]
[Date "2005.05.15"]
[Round "2"]
[White "Müller, Tobias"]
[Black "Gadschisade, Machmud"]
[Result "1/2-1/2"]
[Termination "normal"]
[Board "9"]
[WhiteElo "1493"]
[BlackElo "1676"]
[PlyCount "86"]
[WhiteFideId "24643394"]
[BlackFideId "4647734"]
[EventCountry "GER"]
[EventRounds "11"]
[EventType "swiss"]
[EventDate "2005.05.15"]

1. e4 Nf6 2. Nc3 d5 3. exd5 Nxd5 4. Nxd5 Qxd5 5. Nf3 Bg4 6. Be2 Nc6 7. O-O
O-O-O 8. d3 e5 9. a3 e4 10. Ne1 Bxe2 11. Qxe2 exd3 12. Qxd3 Qh5 13. Qf3 Qg6 14.
Be3 Nd4 15. Bxd4 Rxd4 16. Nd3 Bd6 17. Rae1 f5 18. c3 Rh4 19. h3 Re4 20. Re2
Rxe2 21. Qxe2 Re8 22. Qf3 Qf6 23. Rd1 g6 24. Rd2 Re6 25. Re2 Qe7 26. Rxe6 Qxe6
27. Qe3 Qxe3 28. fxe3 Kd7 29. Kf2 Ke6 30. c4 c6 31. Kf3 g5 32. e4 h5 33. exf5+
Kxf5 34. g4+ hxg4+ 35. hxg4+ Ke6 36. Ke4 c5 37. b4 b6 38. b5 Bh2 39. a4 Bg1 40.
Ne1 Bh2 41. Nd3 Bd6 42. Nc1 Bf4 43. Ne2 Be5 1/2-1/2

[Event "DEM U12 2005"]
[Site "Willingen GER"]
[Date "2005.05.15"]
[Round "2"]
[White "Hager, Joshua Aarash"]
[Black "Braun, Georg"]
[Result "1-0"]
[Termination "normal"]
[Board "10"]
[WhiteElo "1632"]
[BlackElo "1493"]
[PlyCount "115"]
[WhiteFideId "24642789"]
[BlackFideId "24629383"]
[EventCountry "GER"]
[EventRounds "11"]
[EventType "swiss"]
[EventDate "2005.05.15"]

1. c4 c5 2. Nc3 Nc6 3. g3 g6 4. Bg2 Bg7 5. Nf3 a6 6. O-O e6 7. Rb1 Nge7 8. a3
d5 9. d3 O-O 10. Qc2 Nf5 11. b4 Nfd4 12. Qd2 cxb4 13. axb4 dxc4 14. dxc4 Nxf3+
15. Bxf3 Qxd2 16. Bxd2 Rd8 17. Be1 Nd4 18. Be4 f5 19. Bd3 Nf3+ 20. exf3 Rxd3
21. Nd1 Bd7 22. Ne3 e5 23. Rd1 Rxd1 24. Nxd1 f4 25. Bc3 Bc6 26. Kg2 e4 27. fxe4
Bxe4+ 28. f3 Bd3 29. Re1 Bxc3 30. Nxc3 fxg3 31. hxg3 Bxc4 32. Ne4 Rf8 33. Re3
Bd5 34. Nc5 Rf7 35. g4 Kg7 36. Kg3 h6 37. f4 Kh7 38. Nd3 Kg7 39. Nc5 Kg8 40.
Nd3 Rc7 41. Nc5 a5 42. Re5 Bf7 43. bxa5 h5 44. gxh5 gxh5 45. Kh4 Kh7 46. Kg5
Kh8 47. f5 Kg8 48. Kf6 h4 49. Ne6 h3 50. Nxc7 h2 51. Re1 Bh5 52. Rh1 Kf8 53.
Ne6+ Kg8 54. Rxh2 Bg4 55. Rg2 b5 56. Rxg4+ Kh8 57. Kf7 Kh7 58. Rh4# 1-0

[Event "DEM U12 2005"]
[Site "Willingen GER"]
[Date "2005.05.15"]
[Round "2"]
[White "Mohr, Fides"]
[Black "Berchtenbreiter, Maximilian"]
[Result "1/2-1/2"]
[Termination "normal"]
[Board "11"]
[WhiteElo "1476"]
[BlackElo "1631"]
[PlyCount "98"]
[BlackFideId "24641120"]
[EventCountry "GER"]
[EventRounds "11"]
[EventType "swiss"]
[EventDate "2005.05.15"]

1. d4 Nf6 2. c4 e6 3. Nc3 Bb4 4. Qc2 c5 5. dxc5 Bxc5 6. Nf3 Nc6 7. Bg5 Qb6 8.
e3 Ng4 9. Be2 Nge5 10. Nxe5 Nxe5 11. O-O Ng6 12. Na4 Qc7 13. Nxc5 Qxc5 14. Bf4
Nxf4 15. exf4 Qc7 16. f5 b6 17. fxe6 dxe6 18. Bd3 Bb7 19. Rfe1 O-O-O 20. Be4
Bxe4 21. Rxe4 Rd7 22. b3 Rhd8 23. Re2 Qd6 24. g3 g6 25. Qe4 Kb8 26. Kf1 Kc7 27.
h4 h5 28. Kg1 Qd4 29. Qxd4 Rxd4 30. Kg2 Kc6 31. Re5 Rd2 32. a3 Rb2 33. Re3 Rdd2
34. Rf3 f5 35. Re1 Kd6 36. Ree3 e5 37. Rd3+ Ke6 38. Rxd2 Rxd2 39. Re3 e4 40.
Kf1 Ke5 41. Re2 Rd3 42. Re3 Kd4 43. Rxd3+ Kxd3 44. Ke1 a5 45. Kd1 a4 46. bxa4
Kxc4 47. Kc2 Kd4 48. Kd2 Kc4 49. Kc2 Kd5 1/2-1/2

[Event "DEM U12 2005"]
[Site "Willingen GER"]
[Date "2005.05.15"]
[Round "2"]
[White "Ma, Beini"]
[Black "Brumme, Jan"]
[Result "1/2-1/2"]
[Termination "normal"]
[Board "12"]
[WhiteElo "1630"]
[BlackElo "1487"]
[PlyCount "98"]
[WhiteFideId "24630101"]
[EventCountry "GER"]
[EventRounds "11"]
[EventType "swiss"]
[EventDate "2005.05.15"]

1. e4 e5 2. Nf3 Nc6 3. d4 exd4 4. c3 d5 5. exd5 Qxd5 6. cxd4 Bg4 7. Nc3 Bb4 8.
Be2 Bxf3 9. Bxf3 Qc4 10. Bxc6+ bxc6 11. Qe2+ Qxe2+ 12. Kxe2 O-O-O 13. Kd3 Nf6
14. Kc4 Ba5 15. Bg5 Rd6 16. Rhe1 Rhd8 17. Rad1 Bb6 18. Bxf6 Rxf6 19. Ne4 Rf5
20. Rd3 Rfd5 21. Red1 h6 22. Nc5 Re8 23. b4 Red8 24. Re1 Bxc5 25. bxc5 Rf5 26.
f3 Rh5 27. h3 Rdd5 28. Re7 Rd7 29. Re8+ Rd8 30. Re5 Rh4 31. Re7 Rd7 32. Rxd7
Kxd7 33. Ra3 f5 34. Rxa7 g5 35. Ra8 g4 36. fxg4 fxg4 37. hxg4 Rxg4 38. a4 Rxg2
39. a5 h5 40. Rh8 Ra2 41. Kb4 Rd2 42. Rxh5 Rxd4+ 43. Kb3 Rd5 44. Rh7+ Kc8 45.
Kc4 Rd1 46. a6 Ra1 47. Rh8+ Kd7 48. Ra8 Ra2 49. a7 Ra1 1/2-1/2

[Event "DEM U12 2005"]
[Site "Willingen GER"]
[Date "2005.05.15"]
[Round "2"]
[White "Wolf, Isaak"]
[Black "Günnigmann, Manuel"]
[Result "0-1"]
[Termination "normal"]
[Board "13"]
[WhiteElo "1470"]
[BlackElo "1625"]
[PlyCount "96"]
[BlackFideId "24640360"]
[EventCountry "GER"]
[EventRounds "11"]
[EventType "swiss"]
[EventDate "2005.05.15"]

1. e4 c5 2. Nf3 e6 3. d4 cxd4 4. Nxd4 a6 5. Nc3 Qc7 6. g3 Nf6 7. Bg2 d6 8. O-O
Be7 9. Re1 O-O 10. Be3 Nc6 11. Nxc6 bxc6 12. Na4 Rb8 13. b3 Bd7 14. Qe2 c5 15.
Nc3 a5 16. Rad1 Bc6 17. Bf4 Nd7 18. Qd3 Ne5 19. Bxe5 dxe5 20. Qe2 Rb4 21. Qh5
c4 22. Re2 cxb3 23. cxb3 Rd4 24. Rc2 g6 25. Qe2 Qb7 26. h4 Rfd8 27. Rdc1 Ba3
28. Rd1 Rxd1+ 29. Nxd1 Rd4 30. f3 Bb5 31. Qe1 Bb4 32. Nc3 Qd7 33. Qc1 Bxc3 34.
Kh2 Bb4 35. Rc7 Qd6 36. Rb7 Be8 37. Qc8 Qd8 38. Rb8 Qxc8 39. Rxc8 Kf8 40. Bf1
Rd2+ 41. Kg1 Ke7 42. a4 Rd8 43. Rc2 Bd7 44. Kf2 Rc8 45. Bc4 f5 46. Re2 Bc5+ 47.
Kg2 Bd4 48. Rd2 Bxa4 0-1

[Event "DEM U12 2005"]
[Site "Willingen GER"]
[Date "2005.05.15"]
[Round "2"]
[White "Kotainy, Jens"]
[Black "Hartmann, Nicolas"]
[Result "1-0"]
[Termination "normal"]
[Board "14"]
[WhiteElo "1624"]
[BlackElo "1474"]
[PlyCount "161"]
[WhiteFideId "24670499"]
[BlackFideId "24626481"]
[EventCountry "GER"]
[EventRounds "11"]
[EventType "swiss"]
[EventDate "2005.05.15"]

1. e4 c5 2. Nc3 Nc6 3. f4 g6 4. Nf3 Bg7 5. g3 e6 6. Bg2 Nge7 7. O-O O-O 8. d3
d6 9. Kh1 Rb8 10. a4 a6 11. Be3 Nd4 12. Qd2 b5 13. axb5 axb5 14. Bxd4 cxd4 15.
Ne2 Nc6 16. Nh4 e5 17. Nf3 f6 18. c3 dxc3 19. bxc3 Bg4 20. Ra6 Bxf3 21. Bxf3
Qc8 22. Rfa1 Qc7 23. Qa2+ Kh8 24. Qd5 Rfc8 25. Bg4 Ne7 26. Qxd6 Qxd6 27. Rxd6
f5 28. exf5 gxf5 29. Bf3 exf4 30. Nxf4 b4 31. Rd7 bxc3 32. Rxe7 c2 33. Rc1 Rb1
34. Ree1 Rxc1 35. Rxc1 Bb2 36. Ne2 Bxc1 37. Nxc1 Rb8 38. Kg2 Rb1 39. Ne2 c1=Q
40. Nxc1 Rxc1 41. Kf2 Rc2+ 42. Be2 Kg7 43. Ke3 Kf6 44. h3 Rc1 45. Bf3 Ra1 46.
g4 fxg4 47. hxg4 Ra4 48. Be2 Ke5 49. Bf3 Ra1 50. Be2 Rh1 51. Bf3 Rh3 52. d4+
Kf6 53. Kf4 Rh2 54. d5 Ra2 55. Be4 h6 56. Bf5 Ra4+ 57. Kg3 Ke5 58. Be6 Ra3+ 59.
Kg2 Rd3 60. Kf2 Ke4 61. Bf5+ Kxd5 62. Bxd3 Ke5 63. Kg3 Kf6 64. Kh4 Ke5 65. Kh5
Kf4 66. Bf5 Ke5 67. Kxh6 Kf6 68. g5+ Kf7 69. Bh7 Kf8 70. g6 Ke7 71. g7 Kd6 72.
g8=Q Ke5 73. Kg5 Kd4 74. Kf4 Kc5 75. Ke5 Kc6 76. Qd5+ Kc7 77. Ke6 Kb6 78. Kd6
Ka6 79. Qb3 Ka5 80. Kc6 Ka6 81. Qb6# 1-0

[Event "DEM U12 2005"]
[Site "Willingen GER"]
[Date "2005.05.15"]
[Round "2"]
[White "Bochis, Julia"]
[Black "Lobmeyer, Fabian"]
[Result "1/2-1/2"]
[Termination "normal"]
[Board "15"]
[WhiteElo "1461"]
[BlackElo "1616"]
[PlyCount "43"]
[WhiteFideId "24647276"]
[BlackFideId "24659681"]
[EventCountry "GER"]
[EventRounds "11"]
[EventType "swiss"]
[EventDate "2005.05.15"]

1. Nf3 d5 2. c4 e6 3. g3 Nf6 4. Bg2 c5 5. b3 Nc6 6. Bb2 d4 7. d3 Be7 8. O-O O-O
9. e4 e5 10. Na3 Ne8 11. Ne1 f5 12. exf5 Bxf5 13. f4 Bd6 14. Bc1 Qe7 15. fxe5
Nxe5 16. Bf4 Rb8 17. Nb5 a6 18. Nxd6 Nxd6 19. Qe2 Rbe8 20. Nf3 Nxf3+ 21. Qxf3
Rd8 22. Rae1 1/2-1/2

[Event "DEM U12 2005"]
[Site "Willingen GER"]
[Date "2005.05.15"]
[Round "2"]
[White "Boos, Philipp"]
[Black "Cornish, Alexander"]
[Result "1-0"]
[Termination "normal"]
[Board "16"]
[WhiteElo "1586"]
[BlackElo "1466"]
[PlyCount "67"]
[EventCountry "GER"]
[EventRounds "11"]
[EventType "swiss"]
[EventDate "2005.05.15"]

1. d4 Nf6 2. c4 c5 3. d5 b5 4. f3 b4 5. e4 d6 6. b3 g6 7. Bb2 Bg7 8. Bd3 O-O 9.
Nd2 Nbd7 10. Nh3 Ne5 11. Nf2 Nfd7 12. Qc2 a5 13. f4 Nxd3+ 14. Nxd3 Nf6 15. O-O
a4 16. Rae1 axb3 17. axb3 Ne8 18. Bxg7 Nxg7 19. Nf3 f6 20. e5 fxe5 21. fxe5 Bg4
22. Ng5 h6 23. Rxf8+ Qxf8 24. Rf1 Bf5 25. Nh3 Qb8 26. Qe2 Ra3 27. g4 Bxd3 28.
Qxd3 g5 29. Qg6 Qe8 30. Qxh6 e6 31. Nxg5 Nf5 32. Qh7+ Kf8 33. gxf5 Ra1 34.
Nxe6+ 1-0

[Event "DEM U12 2005"]
[Site "Willingen GER"]
[Date "2005.05.15"]
[Round "2"]
[White "Wilke, Friedrich"]
[Black "Stahnecker, Wieland"]
[Result "0-1"]
[Termination "normal"]
[Board "17"]
[WhiteElo "1458"]
[BlackElo "1576"]
[PlyCount "86"]
[BlackFideId "4694481"]
[EventCountry "GER"]
[EventRounds "11"]
[EventType "swiss"]
[EventDate "2005.05.15"]

1. c4 Nf6 2. Nc3 e6 3. Nf3 b6 4. g3 Bb7 5. Bg2 c5 6. d3 d5 7. Bf4 Bd6 8. Qd2 a6
9. O-O O-O 10. Bxd6 Qxd6 11. e3 Nc6 12. Rfd1 Rad8 13. Qe2 Qc7 14. d4 cxd4 15.
Nxd4 Nxd4 16. Rxd4 e5 17. Rdd1 d4 18. Nd5 Nxd5 19. Bxd5 Bxd5 20. cxd5 Rxd5 21.
e4 Rb5 22. Rac1 Qb7 23. Rc4 Rc5 24. Rdc1 Rfc8 25. Qd3 g6 26. f3 Rxc4 27. Rxc4
b5 28. Rc2 Rc6 29. f4 Rxc2 30. Qxc2 f6 31. fxe5 fxe5 32. Qb3+ Kg7 33. Qd3 Qc6
34. Kf2 Qc4 35. Qb3 Qxb3 36. axb3 a5 37. Ke2 Kf6 38. h4 g5 39. h5 g4 40. Kd3
Kg5 41. Ke2 Kxh5 42. Kd3 Kg5 43. Ke2 h5 0-1

[Event "DEM U12 2005"]
[Site "Willingen GER"]
[Date "2005.05.15"]
[Round "2"]
[White "Schulz, Anja"]
[Black "Osmanodja, Bilgin"]
[Result "0-1"]
[Termination "normal"]
[Board "18"]
[WhiteElo "1444"]
[BlackElo "1574"]
[PlyCount "68"]
[WhiteFideId "24647845"]
[EventCountry "GER"]
[EventRounds "11"]
[EventType "swiss"]
[EventDate "2005.05.15"]

1. e4 c5 2. Nf3 d6 3. d4 cxd4 4. Nxd4 Nf6 5. Nc3 g6 6. Be3 Bg7 7. f3 O-O 8. Qd2
Nc6 9. Bc4 Bd7 10. O-O-O Rc8 11. Bb3 Ne5 12. g4 b5 13. h4 b4 14. Nd5 Nxd5 15.
exd5 a5 16. Nc6 Nxc6 17. dxc6 Bxc6 18. Bd5 Qc7 19. Rh2 Bxd5 20. Qxd5 a4 21. Bd4
Bxd4 22. Rxd4 Qb6 23. h5 Rc5 24. Qe4 d5 25. Qe5 Rc4 26. hxg6 Qxg6 27. Rxc4 dxc4
28. Qxe7 Qb6 29. Qg5+ Kh8 30. Qe5+ f6 31. Qe1 b3 32. axb3 axb3 33. c3 Qa7 34.
Kd2 Rd8+ 0-1

[Event "DEM U12 2005"]
[Site "Willingen GER"]
[Date "2005.05.15"]
[Round "2"]
[White "Specht, Christian"]
[Black "Pantusenko, Valeria"]
[Result "1-0"]
[Termination "normal"]
[Board "19"]
[WhiteElo "1568"]
[BlackElo "1459"]
[PlyCount "69"]
[WhiteFideId "24647985"]
[BlackFideId "4662920"]
[EventCountry "GER"]
[EventRounds "11"]
[EventType "swiss"]
[EventDate "2005.05.15"]

1. e4 e5 2. Nf3 Nc6 3. Bb5 a6 4. Ba4 Nf6 5. O-O Be7 6. Re1 b5 7. Bb3 d6 8. c3
Bg4 9. d3 O-O 10. Nbd2 Na5 11. Bc2 c5 12. h3 Bh5 13. Nf1 Nc6 14. Ng3 Bg6 15.
Bg5 Nh5 16. Nxe5 Nxe5 17. Bxe7 Qxe7 18. Nxh5 Qg5 19. Ng3 a5 20. Qc1 Qe7 21. Qe3
Nc6 22. f4 h6 23. Qf3 Rfe8 24. Rf1 f6 25. Bb3+ Bf7 26. Nf5 Qd7 27. Bxf7+ Kxf7
28. Qg4 Kf8 29. Qg6 Ra7 30. Rf3 Rc8 31. Rg3 Rcc7 32. Nxh6 Qe6 33. Qh7 g5 34.
Qh8+ Ke7 35. Nf5+ 1-0

[Event "DEM U12 2005"]
[Site "Willingen GER"]
[Date "2005.05.15"]
[Round "2"]
[White "Kreutzer, Alexander"]
[Black "Dorn, Carina"]
[Result "1-0"]
[Termination "normal"]
[Board "20"]
[WhiteElo "1442"]
[BlackElo "1554"]
[PlyCount "69"]
[WhiteFideId "24670685"]
[BlackFideId "24666335"]
[EventCountry "GER"]
[EventRounds "11"]
[EventType "swiss"]
[EventDate "2005.05.15"]

1. d4 Nf6 2. c4 e6 3. Nc3 Bb4 4. a3 Bxc3+ 5. bxc3 d5 6. Bg5 h6 7. Bh4 c5 8. e3
Nc6 9. Nf3 O-O 10. Bd3 Re8 11. Ne5 g5 12. Bg3 Kg7 13. Nxc6 bxc6 14. Be5 Rg8 15.
Qf3 Ba6 16. h4 Bxc4 17. Bxc4 dxc4 18. h5 cxd4 19. exd4 Rc8 20. O-O c5 21. g4
cxd4 22. Bxd4 Qe7 23. Qg3 Kh7 24. f4 gxf4 25. Bxf6 Qxf6 26. Rxf4 Qg7 27. Raf1
f5 28. Kh2 Qg5 29. Qf2 fxg4 30. Rf7+ Rg7 31. Rxg7+ Qxg7 32. Qf7 Rc7 33. Qxe6
Qxc3 34. Qg6+ Kh8 35. Rf8# 1-0

[Event "DEM U12 2005"]
[Site "Willingen GER"]
[Date "2005.05.15"]
[Round "2"]
[White "Petermann, Michail"]
[Black "Begeluri, Nino"]
[Result "1-0"]
[Termination "normal"]
[Board "21"]
[WhiteElo "1551"]
[BlackElo "1167"]
[PlyCount "113"]
[WhiteFideId "24643530"]
[EventCountry "GER"]
[EventRounds "11"]
[EventType "swiss"]
[EventDate "2005.05.15"]

1. c4 Nf6 2. Nc3 d5 3. cxd5 Nxd5 4. Qa4+ Nc6 5. g3 e5 6. Bg2 Be6 7. Qb5 a6 8.
Qa4 b5 9. Qb3 Ndb4 10. Qd1 Bd5 11. Nxd5 Nxd5 12. Qb3 Nce7 13. d3 Rb8 14. Bd2 g6
15. Rc1 Bg7 16. Nf3 O-O 17. O-O Nb6 18. Rc5 Na4 19. Rc2 Qd7 20. Qa3 c5 21. b3
e4 22. bxa4 exf3 23. Bxf3 bxa4 24. Bc3 Rfc8 25. Bxg7 Kxg7 26. Rfc1 Qh3 27. Rxc5
Rxc5 28. Qxc5 Rc8 29. Qe5+ Kh6 30. Qf4+ Kg7 31. Qe5+ Kh6 32. Rxc8 Nxc8 33. Qf4+
Kg7 34. Bg4 Qh6 35. Qxh6+ Kxh6 36. Bxc8 a5 37. a3 Kg7 38. Bd7 Kf6 39. Bxa4 Ke5
40. Bb5 f6 41. e3 h6 42. Kg2 g5 43. f4+ gxf4 44. gxf4+ Kd5 45. Kf3 f5 46. e4+
fxe4+ 47. dxe4+ Ke6 48. Bc4+ Kf6 49. e5+ Kf5 50. e6 Kf6 51. Ke4 Ke7 52. Ke5 Ke8
53. f5 h5 54. f6 h4 55. e7 h3 56. Ke6 a4 57. Bb5# 1-0

[Event "DEM U12 2005"]
[Site "Willingen GER"]
[Date "2005.05.15"]
[Round "2"]
[White "Lingl, Xenia"]
[Black "Endress, Anna"]
[Result "0-1"]
[Termination "normal"]
[Board "22"]
[WhiteElo "1363"]
[BlackElo "1725"]
[PlyCount "110"]
[BlackFideId "24629472"]
[EventCountry "GER"]
[EventRounds "11"]
[EventType "swiss"]
[EventDate "2005.05.15"]

1. e4 c5 2. d3 e6 3. g3 Nc6 4. Bg2 Nf6 5. f4 d6 6. Nf3 Qc7 7. O-O Be7 8. c3 O-O
9. h3 c4 10. Be3 Na5 11. Na3 cxd3 12. Qxd3 d5 13. e5 Ne4 14. Kh2 Bxa3 15. bxa3
Qxc3 16. Qxc3 Nxc3 17. Bd2 Nc4 18. Bxc3 Bd7 19. Bb4 Rfc8 20. Nd4 a5 21. Bc3
Nxa3 22. Rac1 Nc4 23. h4 Rc7 24. Rf3 Rac8 25. Re1 b5 26. Re2 Nxe5 27. fxe5 Rxc3
28. a3 Rxf3 29. Bxf3 Rc3 30. Rb2 Rd3 31. Nxb5 Rxf3 32. Nd6 Kf8 33. Rb8+ Ke7 34.
Rb7 Rc3 35. Ra7 a4 36. Nb5 Re3 37. Kg2 Rxe5 38. Kf2 Re4 39. Nc3 Rc4 40. Nb5 Rc5
41. Nd4 Kd6 42. Ke3 Rc3+ 43. Kf2 Rxa3 44. Rb7 Rd3 45. Ne2 a3 46. Ra7 Bb5 47.
Nc1 Rc3 48. Ne2 Rc2 49. Rxa3 Rxe2+ 50. Kf3 d4 51. Rb3 Re3+ 52. Rxe3 dxe3 53.
Kxe3 Ke5 54. Kf3 f5 55. Ke3 h6 0-1